| 000 | 00487nam a2200169 a 4500 | ||
|---|---|---|---|
| 001 | 2197 | ||
| 005 | 20140414131922.0 | ||
| 008 | 030207s19uu xx 00 eng d | ||
| 050 |
_aER _bW55 1985 |
||
| 100 | _aSmith, Kathie Billingslea | ||
| 245 |
_aWhy? / _cby Kathie Billingslea Smith ; illustrated by Roberts S. Storms. |
||
| 260 |
_aMatrinez, CA : _bDiscover Toys. |
||
| 300 | _ap. : ill. ; cm. | ||
| 440 | _aA Discovery Toys Question Book | ||
| 650 | _aFacts. | ||
| 999 |
_c111820 _d111820 |
||